Statistics for top 20 militaries in the world

Click here to take the quiz!

General Stats

  • This quiz has been taken 29 times
  • The average score is 17 of 20

Answer Stats

Answer% Correct
France
100%
Germany
100%
Russia
100%
China
96%
UK
96%
USA
96%
Japan
93%
South Korea
93%
India
89%
Brazil
85%
Iran
85%
Italy
85%
Spain
85%
Turkey
81%
Egypt
78%
Pakistan
78%
Australia
74%
Saudi Arabia
74%
Indonesia
70%
Israel
67%

Score Distribution

Percentile by Number Answered

Percent of People with Each Score

Your Score History

You have not taken this quiz